| 000 | 00491nam a2200157Ia 4500 | ||
|---|---|---|---|
| 999 |
_c1617 _d1617 |
||
| 008 | 191121s 1991 ||||xx |||||||||||||| ||und|| | ||
| 020 | _a9280112694 | ||
| 082 |
_a616.0252 _bIMO |
||
| 100 | _aIMO | ||
| 245 | 0 | _aMedical first aid guide for use in accidents involving dangerous goods (MFAG) : chemicals supplement to the International medical guide for ships (IMGS). | |
| 250 | _a4th ed. | ||
| 260 |
_aLondon _bIMO _cLondon |
||
| 260 | _c1991 | ||
| 300 | _avii, 171p. | ||
| 942 | _cBK | ||